Pokémon - Statistiques (1) - Statistiques

Statistiques générales
  • Ce quiz a été pris 91 fois
  • Le résultat moyen est 23 sur 30
Statistiques - réponses
Question Tuile Select % Correct
Quel Pokémon possède la statistique de base en Attaque Spéciale la plus élevée ? Non
97%
Quel Pokémon possède la statistique de base en Attaque Spéciale la plus élevée ? Non
97%
Quel Pokémon possède la statistique de base en Attaque Spéciale la plus élevée ? Oui
94%
Quel Pokémon possède la statistique de base en Attaque la plus élevée ? Non
93%
Quel Pokémon possède la statistique de base en Défense Spéciale la plus élevée ? Non
92%
Quel Pokémon possède la statistique de base en PV la plus élevée ? Non
92%
Quel Pokémon possède la statistique de base en Vitesse la plus élevée ? Non
92%
Quel Pokémon possède la statistique de base en Défense Spéciale la plus élevée ? Non
86%
Quel Pokémon possède la statistique de base en PV la plus élevée ? Non
86%
Quel Pokémon possède la statistique de base en PV la plus élevée ? Non
85%
Quel Pokémon possède la statistique de base en PV la plus élevée ? Oui
83%
Quel Pokémon possède la statistique de base en Défense la plus élevée ? Non
83%
Quel Pokémon possède la statistique de base en Défense Spéciale la plus élevée ? Oui
81%
Quel Pokémon possède la statistique de base en Défense la plus élevée ? Non
81%
Quel Pokémon possède la statistique de base en Attaque la plus élevée ? Non
80%
Quel Pokémon possède la statistique de base en Vitesse la plus élevée ? Non
80%
Quel Pokémon possède la statistique de base en Défense la plus élevée ? Non
79%
Quel Pokémon possède la statistique de base en Vitesse la plus élevée ? Non
79%
Quel Pokémon possède la statistique de base en Vitesse la plus élevée ? Oui
78%
Quel Pokémon possède la statistique de base en PV la plus élevée ? Non
77%
Quel Pokémon possède la statistique de base en Attaque la plus élevée ? Non
74%
Quel Pokémon possède la statistique de base en Attaque la plus élevée ? Non
74%
Quel Pokémon possède la statistique de base en Attaque la plus élevée ? Oui
74%
Quel Pokémon possède la statistique de base en Défense la plus élevée ? Oui
71%
Quel Pokémon possède la statistique de base en PV la plus élevée ? Oui
66%
Quel Pokémon possède la statistique de base en Attaque la plus élevée ? Oui
60%
Quel Pokémon possède la statistique de base en Défense la plus élevée ? Non
59%
Quel Pokémon possède la statistique de base en Vitesse la plus élevée ? Non
51%
Quel Pokémon possède la statistique de base en Défense la plus élevée ? Oui
47%
Quel Pokémon possède la statistique de base en Vitesse la plus élevée ? Oui
41%
Aucun quiz correspondant
Distribution des résultats
% des personnes avec chaque résultat
Percentile par nombre de réponses
Votre historique - résultats
Vous n’avez pas pris ce quiz